Revitalize your corporate culture: powerful ways to transform your company into a high performance organization (Record no. 80223)

MARC details
000 -LEADER
fixed length control field 01438nam a2200229 a 4500
008 - FIXED-LENGTH DATA ELEMENTS--GENERAL INFORMATION
fixed length control field 080214s2000 ||||||||||||||||| || u
020 ## - INTERNATIONAL STANDARD BOOK NUMBER
International Standard Book Number 8120316932
050 ## - LIBRARY OF CONGRESS CALL NUMBER
Classification number HD 58.7 Ash
100 ## - MAIN ENTRY--PERSONAL NAME
Personal name Ashby, Franklin C
245 10 - TITLE STATEMENT
Title Revitalize your corporate culture: powerful ways to transform your company into a high performance organization
Statement of responsibility, etc. Franklin C. Ashby
260 ## - PUBLICATION, DISTRIBUTION, ETC.
Place of publication, distribution, etc. New Delhi
Name of publisher, distributor, etc. Prentice Hall of India
Date of publication, distribution, etc. 2000
300 ## - PHYSICAL DESCRIPTION
Extent viii, 312p.: ill.
350 ## -
-- 0.00
650 ## - SUBJECT ADDED ENTRY--TOPICAL TERM
Topical term or geographic name entry element ORGANIZATIONAL EFFECTIVENESS
650 #0 - SUBJECT ADDED ENTRY--TOPICAL TERM
Topical term or geographic name entry element CORPORATE CULTURE
650 #0 - SUBJECT ADDED ENTRY--TOPICAL TERM
Topical term or geographic name entry element MANAGEMENT
995 ## -
-- MAIN LIBRARY OPEN ACCESS
-- 0.00
-- 738462
-- CBU-MAIN LIBRARY (Kitwe)
-- 1
-- 0.00
-- HD 58.7 Ash
-- 4
-- AVAILABLE
-- Feb 14, 2008
-- 738462
-- Main Library Open Access Collection
995 ## -
-- ANNEX COLLECTION (Main Library)
-- 0.00
-- 738460
-- CBU-MAIN LIBRARY (Kitwe)
-- 1
-- 0.00
-- HD 58.7 Ash
-- 2
-- AVAILABLE
-- Feb 14, 2008
-- 738460
-- Annex Low-Usage Collection
995 ## -
-- ANNEX COLLECTION (Main Library)
-- 0.00
-- 738459
-- CBU-MAIN LIBRARY (Kitwe)
-- 1
-- 0.00
-- HD 58.7 Ash
-- 1
-- AVAILABLE
-- Feb 14, 2008
-- 738459
-- Annex Low-Usage Collection
995 ## -
-- ANNEX COLLECTION (Main Library)
-- 0.00
-- 738461
-- CBU-MAIN LIBRARY (Kitwe)
-- 1
-- 0.00
-- HD 58.7 Ash
-- 3
-- AVAILABLE
-- Feb 14, 2008
-- 738461
-- Annex Low-Usage Collection
995 ## -
-- MAIN LIBRARY OPEN ACCESS
-- 0.00
-- 738463
-- CBU-MAIN LIBRARY (Kitwe)
-- 1
-- 0.00
-- HD 58.7 Ash
-- 5
-- AVAILABLE
-- Feb 14, 2008
-- 738463
-- Main Library Open Access Collection
999 ## -
-- 80223
-- 80223
Holdings
Withdrawn status Lost status Source of classification or shelving scheme Damaged status Not for loan Permanent Location Current Location Shelving location Date acquired Total Checkouts Full call number Barcode Date last seen Copy number Price effective from Koha item type
          CBU-MAIN LIBRARY, KITWE. CBU-MAIN LIBRARY, KITWE.   06/29/2023   HD 58.7 Ash 738462 06/29/2023 1 06/29/2023 MONOGRAPH
          CBU-MAIN LIBRARY, KITWE. CBU-MAIN LIBRARY, KITWE.   06/29/2023   HD 58.7 Ash 738460 06/29/2023 2 06/29/2023 MONOGRAPH
          CBU-MAIN LIBRARY, KITWE. CBU-MAIN LIBRARY, KITWE.   06/29/2023   HD 58.7 Ash 738459 06/29/2023 3 06/29/2023 MONOGRAPH
Withdrawn         CBU-MAIN LIBRARY, KITWE. CBU-MAIN LIBRARY, KITWE.   06/29/2023   HD 58.7 Ash 738461 06/29/2023 4 06/29/2023 MONOGRAPH
          CBU-MAIN LIBRARY, KITWE. CBU-MAIN LIBRARY, KITWE.   06/29/2023   HD 58.7 Ash 738463 06/29/2023 5 06/29/2023 MONOGRAPH